000 00524nam a2200193Ia 4500
005 20250508150806.0
008 008 250505s9999 xx 000 0 hin d
037 _aTextual
040 _aFEDL
_beng
_cFEDL
041 _ahin
_2eng
084 _a891.432, VAT
_qFEDL
100 _aVatsyayan Nityanand Hiranand
_9757661
245 0 _aMukut: Dwi-anki natak
250 _a3
260 _aJalandhar, India
_bHindi-Bhawan
_c1949
300 _a115p
942 _cTEXL
_h891.432, VAT
999 _c1325696
_d1325696